The postcolonial encounter (Record no. 2791)
[ view plain ]
| 000 -LEADER | |
|---|---|
| fixed length control field | 00725 a2200205 4500 |
| 010 ## - LIBRARY OF CONGRESS CONTROL NUMBER | |
| LC control number | ENG-85513 |
| 020 ## - INTERNATIONAL STANDARD BOOK NUMBER | |
| Terms of availability | 250.00 |
| International Standard Book Number | 8187619112 |
| 035 ## - SYSTEM CONTROL NUMBER | |
| System control number | EN-69046 |
| 037 ## - SOURCE OF ACQUISITION | |
| Source of stock number/acquisition | D.B.Act / Pub |
| 082 14 - DEWEY DECIMAL CLASSIFICATION NUMBER | |
| Classification number | N |
| 090 ## - LOCALLY ASSIGNED LC-TYPE CALL NUMBER (OCLC); LOCAL CALL NUMBER (OCLC) | |
| -- | 2845 |
| -- | 2845 |
| 100 1# - MAIN ENTRY--PERSONAL NAME | |
| Personal name | Keshari, Rita Nath |
| 245 1# - TITLE STATEMENT | |
| Title | The postcolonial encounter |
| Statement of responsibility, etc | by Rita Nath Keshari |
| Remainder of title | India in the British imagination |
| 260 ## - PUBLICATION, DISTRIBUTION, ETC. (IMPRINT) | |
| Place of publication, distribution, etc | Pondicherry |
| Name of publisher, distributor, etc | Busy Bee Books |
| Date of publication, distribution, etc | 2006 |
| 270 ## - ADDRESS | |
| Address | D-88 (Old No. 74), Poincare St., Olandai-Keerapalayam |
| City | Pondicherry |
| Telephone number | 0413-2357247 |
| Postal code | 605004 |
| Electronic mail address | rajbusybee@sify.com |
| 300 ## - PHYSICAL DESCRIPTION | |
| Extent | 81 p. |
| Dimensions | 21 cm (Pbk.) |
| 500 ## - GENERAL NOTE | |
| General note | includes i ndex |
| 942 ## - ADDED ENTRY ELEMENTS (KOHA) | |
| Institution code [OBSOLETE] | dp |
| Koha item type | English Books |
| Call number prefix | N / Kes |
| Withdrawn status | Lost status | Source of classification or shelving scheme | Damaged status | Not for loan | Collection code | Home library | Current library | Source of acquisition | Cost, normal purchase price | Total Checkouts | Full call number | Barcode | Date last seen | Copy number | Uniform Resource Identifier | Cost, replacement price | Price effective from | Koha item type |
|---|---|---|---|---|---|---|---|---|---|---|---|---|---|---|---|---|---|---|
| Dewey Decimal Classification | Not For Loan | Fiction | D.B.Act.Division | D.B.Act.Division | DBAD/PUB | 250.00 | N | EN-69046 | 15/09/2008 | 1 | 2981 | 250.00 | 15/09/2008 | English Books |
